Catálogo

Seven NoSQL databases in a week : (Registro nro. 68256)

Detalles MARC
000 -LEADER
fixed length control field 01442cam a2200361 i 4500
001 - CONTROL NUMBER
control field 68256
003 - CONTROL NUMBER IDENTIFIER
control field Mx-PuUPA
005 - DATE AND TIME OF LATEST TRANSACTION
control field 20260525135549.0
008 - FIXED-LENGTH DATA ELEMENTS--GENERAL INFORMATION
fixed length control field 190703s2018 uk a|||fr|||| 001 0 eng d
020 ## - INTERNATIONAL STANDARD BOOK NUMBER
International Standard Book Number 9781787288867
040 ## - CATALOGING SOURCE
Original cataloging agency Mx-PuUPA
Language of cataloging spa
Transcribing agency Mx-PuUPA
Modifying agency Mx-PuUPA
Description conventions rda
041 0# - LANGUAGE CODE
Language code of text/sound track or separate title eng
100 1# - MAIN ENTRY--PERSONAL NAME
Personal name Ploetz, Aaron,
Relator term autor
9 (RLIN) 9549
245 10 - TITLE STATEMENT
Title Seven NoSQL databases in a week :
Remainder of title get up and running with the fundamentals and functionalities of seven of the most popular NoSQL databases /
Statement of responsibility, etc. Aaron Ploetz, Devram Kandhare, Sudarshan Kadambi, Xun (Brian) Wu
250 ## - EDITION STATEMENT
Edition statement First published
264 #1 - PRODUCTION, PUBLICATION, DISTRIBUTION, MANUFACTURE, AND COPYRIGHT NOTICE
Place of production, publication, distribution, manufacture Birmingham :
Name of producer, publisher, distributor, manufacturer Packt Publishing,
Date of production, publication, distribution, manufacture, or copyright notice ©2018
300 ## - PHYSICAL DESCRIPTION
Extent vii, 291 páginas :
Other physical details ilustraciones ;
Dimensions 24 cm
336 ## - CONTENT TYPE
Content type term texto
Fuente rdacontent
Content type code txt
337 ## - MEDIA TYPE
Media type term sin medio
Source rdamedia
Media type code n
338 ## - CARRIER TYPE
Carrier type term volumen
Source rdacarrier
Carrier type code nc
650 #4 - SUBJECT ADDED ENTRY--TOPICAL TERM
Topical term or geographic name entry element Bases de datos
General subdivision Diseño
-- Programas para computador
650 #4 - SUBJECT ADDED ENTRY--TOPICAL TERM
Topical term or geographic name entry element Computadoras
General subdivision Procesamiento de datos
700 1# - ADDED ENTRY--PERSONAL NAME
Personal name Kandhare, Devram,
Relator term autor
700 1# - ADDED ENTRY--PERSONAL NAME
Personal name Kadambi, Sudarshan,
Relator term autor
700 1# - ADDED ENTRY--PERSONAL NAME
Personal name Wu, Xun (Brian),
Relator term autor
942 ## - ADDED ENTRY ELEMENTS (KOHA)
Source of classification or shelving scheme Dewey Decimal Classification
Koha item type Libro
Classification part 005.743
Item part P725
Existencias
Withdrawn status Lost status Source of classification or shelving scheme Damaged status Not for loan Collection code Home library Current library Shelving location Date acquired Source of acquisition Total Checkouts Full call number Barcode Date last seen Date last checked out Price effective from Koha item type Cost, normal purchase price Copy number Cost, replacement price
    Dewey Decimal Classification   Consulta en sala Magisterial Biblioteca Karol Wojtyla Biblioteca Karol Wojtyla Sala general 03/12/2013 Compra 1 005.743 P725 2018 47116 05/01/2026 12/07/2019 03/12/2013 Magisterial      
    Dewey Decimal Classification     General Biblioteca Karol Wojtyla Biblioteca Karol Wojtyla Sala general 20/08/2021 1   005.743 P725 2018 100429 05/01/2026   20/08/2021 Libro 885.69 Ej.3 885.69
    Dewey Decimal Classification     General Biblioteca Karol Wojtyla Biblioteca Karol Wojtyla Sala general 20/08/2021 1   005.743 P725 2018 100428 05/01/2026   20/08/2021 Libro 885.69 Ej.2 885.69
    Dewey Decimal Classification     General Biblioteca Karol Wojtyla Biblioteca Karol Wojtyla Sala general 31/10/2024 2   005.743 P725 2018 102134 05/01/2026   31/10/2024 Libro 907.88 Ej.4 907.88